[Event "Criciuma op-B"]
[Site "Criciuma"]
[Date "2024.01.16"]
[Round "6"]
[White "Gomes, Joao Paulo Santos"]
[Black "Machado, Alessandro Mathias"]
[Result "0-1"]
[WhiteElo "1514"]
[BlackElo "1735"]
[PlyCount "86"]
[EventDate "2024.01.12"]
[EventType "swiss"]
[EventRounds "9"]
[EventCountry "BRA"]
[SourceTitle "CB04_2024"]
[SourceDate "2023.10.16"]
[SourceVersion "1"]
[SourceVersionDate "2023.10.16"]
[SourceQuality "1"]

1. c4 Nf6 2. g3 c5 3. Bg2 d5 4. Nf3 Nc6 5. 0-0 e5 6. d3 Be7 7. Na3 0-0 8. cxd5 Nxd5 9. Nc4 f6 10. Ne1 Be6 11. Nc2 Qd7 12. N2e3 Rfd8 13. Nxd5 Bxd5 14. Bxd5+ Qxd5 15. Ne3 Qe6 16. Qa4 Nd4 17. Re1 b5 18. Qa5 f5 19. Qd2 e4 20. Ng2 exd3 21. Qxd3 c4 22. Qe3 Qxe3 23. Nxe3 Bb4 24. Rf1 Nxe2+ 25. Kg2 Nd4 26. a4 Nb3 27. Ra2 f4 28. gxf4 a6 29. Nc2 Bd2 30. Bxd2 Rxd2 31. Nb4 bxa4 32. Rxa4 Rxb2 33. Nd5 Nd2 34. Rc1 Rd8 35. Ne3 Ne4 36. Rcxc4 Nxf2 37. Kf3 Nd3 38. Rc3 Rxh2 39. Rxa6 Rh3+ 40. Ke2 Nxf4+ 41. Kf1 h6 42. Raa3 Rd2 43. Ke1 Re2+ 0-1

[Event "Criciuma op"]
[Site "Criciuma"]
[Date "2023.01.19"]
[Round "9"]
[White "Machado, Alessandro Mathias"]
[Black "Silva, Juliana Figueira Th"]
[Result "0-1"]
[WhiteElo "1627"]
[BlackElo "1393"]
[PlyCount "58"]
[EventDate "2023.01.13"]
[EventType "swiss"]
[EventRounds "9"]
[EventCountry "BRA"]
[SourceTitle "CBM 212 Extra"]
[Source "ChessBase"]
[SourceDate "2023.03.31"]
[SourceVersion "1"]
[SourceVersionDate "2023.03.31"]
[SourceQuality "1"]

1. e4 c5 2. Nc3 d6 3. d4 cxd4 4. Qxd4 Nc6 5. Qd2 Nf6 6. b3 e5 7. Bb2 Be7 8. 0-0-0 0-0 9. Kb1 a6 10. f3 Be6 11. g4 b5 12. h4 Rb8 13. h5 Ne8 14. Nh3 Nd4 15. Qg2 b4 16. Nd5 Bxd5 17. Bxd4 exd4 18. exd5 Qa5 19. Nf4 Nc7 20. g5 Nb5 21. Bxb5 axb5 22. g6 Ra8 23. Rd3 Qxa2+ 24. Kc1 Bf6 25. Qh3 Bg5 26. h6 Bxf4+ 27. Kd1 Qb1+ 28. Ke2 Qxc2+ 29. Ke1 Ra1+ 0-1

[Event "Criciuma op"]
[Site "Criciuma"]
[Date "2023.01.17"]
[Round "7"]
[White "Mendes Domingues, Ribeiro Matheus"]
[Black "Machado, Alessandro Mathias"]
[Result "1-0"]
[WhiteElo "2250"]
[BlackElo "1627"]
[PlyCount "85"]
[EventDate "2023.01.13"]
[EventType "swiss"]
[EventRounds "9"]
[EventCountry "BRA"]
[SourceTitle "CBM 212 Extra"]
[Source "ChessBase"]
[SourceDate "2023.03.31"]
[SourceVersion "1"]
[SourceVersionDate "2023.03.31"]
[SourceQuality "1"]

1. c4 c5 2. Nc3 Nf6 3. g3 Nc6 4. Bg2 e5 5. d3 Be7 6. Nf3 d5 7. cxd5 Nxd5 8. Nxe5 Nxc3 9. Nxc6 Nxd1 10. Nxd8 Nxf2 11. Nxf7 Nxd3+ 12. exd3 Kxf7 13. 0-0+ Bf6 14. Be3 Be6 15. Bxc5 Rac8 16. Bxa7 Rc2 17. Bd4 Rd8 18. Bxf6 gxf6 19. Bxb7 Rb8 20. Be4 Rbxb2 21. Rac1 Rxc1 22. Rxc1 f5 23. Rf1 Kg6 24. Bf3 Bxa2 25. Rf2 Rxf2 26. Kxf2 Kf6 27. Ke3 Bf7 28. Kf4 h6 29. d4 Be6 30. Be2 Bd7 31. Bc4 Be8 32. Bd3 Bg6 33. g4 Bf7 34. Bxf5 Bd5 35. h4 Bc6 36. g5+ Kg7 37. Ke5 Bb7 38. d5 Bxd5 39. Kxd5 Kf7 40. g6+ Kf6 41. Ke4 Kg7 42. Ke5 Kf8 43. Kf6 1-0

[Event "BRA-ch Amateur U1600"]
[Site "Sao Paulo"]
[Date "2022.06.19"]
[Round "7"]
[White "Mangialardo, Gabriel Henrique"]
[Black "Machado, Alessandro Mathias"]
[Result "0-1"]
[WhiteElo "1591"]
[BlackElo "1575"]
[PlyCount "104"]
[EventDate "2022.06.16"]
[EventType "swiss"]
[EventRounds "7"]
[EventCountry "BRA"]
[SourceTitle "CBM 208 Extra"]
[Source "ChessBase"]
[SourceDate "2022.07.31"]
[SourceVersion "1"]
[SourceVersionDate "2022.07.31"]
[SourceQuality "1"]

1. e4 e5 2. Nf3 Nc6 3. Bb5 Nf6 4. 0-0 Nxe4 5. d4 Nd6 6. Bxc6 dxc6 7. Nxe5 Be7 8. Nd2 0-0 9. Ndf3 Be6 10. Re1 Re8 11. Bf4 h6 12. h3 Nf5 13. c4 Nh4 14. Nxh4 Bxh4 15. Qd3 Qf6 16. Bg3 Bxg3 17. Qxg3 Rad8 18. Rad1 Qg5 19. Qxg5 hxg5 20. b3 f6 21. Nf3 g4 22. hxg4 Bxg4 23. Re3 Bxf3 24. gxf3 Kf7 25. Kg2 Re7 26. f4 Red7 27. Red3 Ke6 28. Kf3 Kf5 29. a3 g5 30. fxg5 fxg5 31. Kg3 Rh7 32. d5 Rhd7 33. Rf3+ Kg6 34. Rfd3 cxd5 35. Rxd5 Rxd5 36. Rxd5 Rxd5 37. cxd5 Kf5 38. Kf3 g4+ 39. Kg3 b5 40. b4 Kg5 41. Kh2 Kf4 42. Kg2 a6 43. Kf1 g3 44. fxg3+ Kxg3 45. Ke2 Kf4 46. Kd3 Ke5 47. a4 Kxd5 48. axb5 axb5 49. Kc3 Ke4 50. Kc2 Kd4 51. Kb3 Kd3 52. Kb2 Kc4 0-1

[Event "BRA-ch Amateur U1600"]
[Site "Sao Paulo"]
[Date "2022.06.17"]
[Round "3"]
[White "Machado, Alessandro Mathias"]
[Black "Stamato, Ricardo Correa"]
[Result "1-0"]
[WhiteElo "1575"]
[BlackElo "1429"]
[PlyCount "63"]
[EventDate "2022.06.16"]
[EventType "swiss"]
[EventRounds "7"]
[EventCountry "BRA"]
[SourceTitle "CBM 208 Extra"]
[Source "ChessBase"]
[SourceDate "2022.07.31"]
[SourceVersion "1"]
[SourceVersionDate "2022.07.31"]
[SourceQuality "1"]

1. e4 e5 2. Nf3 Nc6 3. d4 exd4 4. Nxd4 Bc5 5. Be3 Qf6 6. c3 Nge7 7. Bc4 0-0 8. 0-0 b6 9. Nc2 Qg6 10. Nd2 Ne5 11. Bxc5 bxc5 12. Be2 d5 13. exd5 Bh3 14. Ne3 Nf5 15. Bh5 Nxe3 16. Bxg6 Nxd1 17. Raxd1 Bxg2 18. Bxh7+ Kxh7 19. Kxg2 Nd3 20. Nc4 Nf4+ 21. Kf3 g5 22. h4 f6 23. hxg5 fxg5 24. Kg4 Nxd5 25. Rxd5 Rf4+ 26. Kxg5 Rxc4 27. Rd7+ Kg8 28. f4 a5 29. f5 Rb8 30. f6 Kf8 31. Rh1 Ke8 32. Re7+ 1-0

[Event "BRA-ch Amateur U1600"]
[Site "Sao Paulo"]
[Date "2022.06.17"]
[Round "4"]
[White "Serafim, Paulo Rogerio"]
[Black "Machado, Alessandro Mathias"]
[Result "0-1"]
[WhiteElo "1468"]
[BlackElo "1575"]
[PlyCount "56"]
[EventDate "2022.06.16"]
[EventType "swiss"]
[EventRounds "7"]
[EventCountry "BRA"]
[SourceTitle "CBM 208 Extra"]
[Source "ChessBase"]
[SourceDate "2022.07.31"]
[SourceVersion "1"]
[SourceVersionDate "2022.07.31"]
[SourceQuality "1"]

1. c4 Nf6 2. Nc3 c5 3. Nf3 d5 4. cxd5 Nxd5 5. e3 g6 6. Bc4 Nb6 7. Be2 Bg7 8. 0-0 Nc6 9. a3 Bf5 10. Bb5 Bd3 11. Bxd3 Qxd3 12. Qe2 Rd8 13. Rd1 Na5 14. Qxd3 Rxd3 15. Ne1 Rd7 16. Rb1 Nb3 17. Nc2 0-0 18. Na1 Nxa1 19. Rxa1 Nc4 20. Ne4 b6 21. Rb1 Ne5 22. d4 Rfd8 23. Ng3 cxd4 24. Rxd4 Rxd4 25. exd4 Rxd4 26. Be3 Rd7 27. f3 Nc4 28. Bf2 Bxb2 0-1

[Event "BRA-ch Amateur U1600"]
[Site "Sao Paulo"]
[Date "2022.06.16"]
[Round "1"]
[White "Machado, Alessandro Mathias"]
[Black "Ferreira, Wagner Maria Gangin"]
[Result "1-0"]
[WhiteElo "1575"]
[BlackElo "1180"]
[PlyCount "51"]
[EventDate "2022.06.16"]
[EventType "swiss"]
[EventRounds "7"]
[EventCountry "BRA"]
[SourceTitle "CBM 208 Extra"]
[Source "ChessBase"]
[SourceDate "2022.07.31"]
[SourceVersion "1"]
[SourceVersionDate "2022.07.31"]
[SourceQuality "1"]

1. e4 d5 2. exd5 Nf6 3. d4 Nxd5 4. c4 Nf6 5. Nc3 e6 6. Nf3 Nc6 7. Be2 Be7 8. 0-0 b6 9. h3 Bb7 10. Be3 0-0 11. Qd2 h6 12. Rfd1 Nh7 13. d5 exd5 14. Nxd5 Bc5 15. Bxc5 bxc5 16. Qf4 Nd4 17. Nxd4 Bxd5 18. Nf5 Qe8 19. Qg4 g6 20. cxd5 h5 21. Qf3 gxf5 22. Bd3 f6 23. Qxf5 Qf7 24. d6 cxd6 25. Be4 Kg7 26. Qxh7# 1-0

[Event "BRA-ch U14"]
[Site "Juiz de Fora"]
[Date "2021.10.11"]
[Round "5"]
[White "Machado, Alessandro Mathias"]
[Black "Wolff, Arthur Carlos Souza"]
[Result "1-0"]
[WhiteElo "1510"]
[BlackElo "1152"]
[PlyCount "61"]
[EventDate "2021.10.09"]
[EventType "swiss"]
[EventRounds "6"]
[EventCountry "BRA"]
[SourceTitle "EXT 2023"]
[Source "ChessBase"]
[SourceDate "2022.10.05"]
[SourceVersion "1"]
[SourceVersionDate "2022.10.05"]
[SourceQuality "1"]

1. e4 e5 2. Nf3 Nc6 3. d4 exd4 4. Bc4 Nf6 5. e5 d5 6. Bb5 Ne4 7. Nxd4 Bd7 8. Bxc6 bxc6 9. 0-0 Bc5 10. f3 Ng5 11. f4 Ne4 12. Be3 0-0 13. Nd2 Nxd2 14. Qxd2 Qe7 15. Nb3 Bb6 16. Rae1 f6 17. e6 Bc8 18. f5 a5 19. a4 Rd8 20. Qc3 c5 21. Bxc5 Bxc5+ 22. Qxc5 Qxc5+ 23. Nxc5 Rb8 24. b3 Rb6 25. Rf2 Rc6 26. Nd3 Rc3 27. Rd2 c5 28. Nc1 d4 29. Na2 Re3 30. Rxe3 dxe3 31. Rxd8# 1-0

[Event "Pan American-ch Hybrid U14 31st"]
[Site "Tornelo INT"]
[Date "2021.09.04"]
[Round "8"]
[White "Machado, Alessandro Mathias"]
[Black "Amigo Quintana, Antu"]
[Result "1-0"]
[WhiteElo "1500"]
[BlackElo "1779"]
[PlyCount "79"]
[EventDate "2021.09.04"]
[EventType "swiss"]
[EventRounds "9"]
[EventCountry "NET"]
[SourceTitle "EXT 2023"]
[Source "ChessBase"]
[SourceDate "2022.10.05"]
[SourceVersion "1"]
[SourceVersionDate "2022.10.05"]
[SourceQuality "1"]

1. e4 d6 2. d4 Nf6 3. Nc3 e5 4. dxe5 dxe5 5. Qxd8+ Kxd8 6. Bg5 Be6 7. 0-0-0+ Nbd7 8. g3 Kc8 9. Bh3 Bc5 10. Bxe6 fxe6 11. Nh3 c6 12. Rd3 Kc7 13. Rhd1 Rad8 14. f3 a5 15. Be3 Bb4 16. Ng5 Rhe8 17. Nf7 Ra8 18. Nxe5 Nf8 19. a4 h6 20. Nc4 N8d7 21. f4 Rab8 22. Nd6 Re7 23. e5 Nd5 24. Nxd5+ cxd5 25. Nb5+ Kc6 26. c4 Bc5 27. cxd5+ exd5 28. Bxc5 Nxc5 29. Rxd5 Nxa4 30. Na7+ Kb6 31. Rb5+ Ka6 32. Rd6+ b6 33. Rxa5+ Kxa5 34. Nc6+ Kb5 35. Nxe7 Rb7 36. Nf5 Rc7+ 37. Kb1 Nc5 38. e6 Ne4 39. e7 Nd2+ 40. Rxd2 1-0

[Event "Pan American-ch Hybrid U14 31st"]
[Site "Tornelo INT"]
[Date "2021.09.04"]
[Round "9"]
[White "Machado, Alessandro Mathias"]
[Black "Barja Viveros, Matias Ariel"]
[Result "0-1"]
[WhiteElo "1500"]
[BlackElo "1650"]
[PlyCount "90"]
[EventDate "2021.09.04"]
[EventType "swiss"]
[EventRounds "9"]
[EventCountry "NET"]
[SourceTitle "EXT 2023"]
[Source "ChessBase"]
[SourceDate "2022.10.05"]
[SourceVersion "1"]
[SourceVersionDate "2022.10.05"]
[SourceQuality "1"]

1. e4 c5 2. Nc3 Nc6 3. Bb5 g6 4. Bxc6 dxc6 5. d3 Bg7 6. f4 Nf6 7. Nf3 b6 8. 0-0 0-0 9. Qe1 e6 10. Bd2 Qc7 11. Rd1 Nh5 12. e5 f5 13. Ne2 Rd8 14. Ng3 Nxg3 15. Qxg3 Ba6 16. b3 b5 17. h4 c4 18. dxc4 bxc4 19. Rfe1 Rd5 20. Bb4 Qb6+ 21. Kh2 Qxb4 22. Rxd5 cxd5 23. h5 cxb3 24. hxg6 h6 25. Rb1 b2 26. Ne1 Rc8 27. Qf2 Qb6 28. Qd2 Bc4 29. c3 Rb8 30. Nd3 Bxd3 31. Qxd3 Qf2 32. Qa6 Qxf4+ 33. g3 Qxe5 34. Qxa7 Qe2+ 35. Kg1 Rf8 36. Qb6 Bxc3 37. a4 Qd3 38. Qxe6+ Kh8 39. g7+ Bxg7 40. Qe1 Qd4+ 41. Kh2 Rc8 42. Qe2 Qe4 43. Qa6 Rc2+ 44. Qe2 Qxe2+ 45. Kg1 Qg2# 0-1

[Event "BRA-ch U16"]
[Site "Florianopolis"]
[Date "2021.07.03"]
[Round "4"]
[White "Machado, Alessandro Mathias"]
[Black "De Carvalho, Vitor Augusto Ponci"]
[Result "0-1"]
[WhiteElo "1549"]
[BlackElo "1627"]
[PlyCount "79"]
[EventDate "2021.07.01"]
[EventType "swiss"]
[EventRounds "6"]
[EventCountry "BRA"]
[SourceTitle "CBM 203 Extra"]
[Source "ChessBase"]
[SourceDate "2021.09.30"]
[SourceVersion "1"]
[SourceVersionDate "2021.09.30"]
[SourceQuality "1"]

1. e4 c5 2. Nc3 Nc6 3. Bb5 g6 4. Bxc6 dxc6 5. d3 Bg7 6. f4 e5 7. Nf3 exf4 8. Bxf4 Ne7 9. 0-0 Bg4 10. Qd2 0-0 11. Bh6 f5 12. Bxg7 Kxg7 13. Ng5 Qd4+ 14. Kh1 fxe4 15. Rf4 Bd7 16. Rxe4 Qf6 17. Ne2 h6 18. Nf3 Bf5 19. Re5 Nd5 20. Nf4 Bg4 21. Nxd5 cxd5 22. Rxd5 Bxf3 23. Rd7+ Kg8 24. gxf3 Qc6 25. Re7 Rxf3 26. Re4 Qf6 27. Rg1 Rf1 28. Reg4 Rxg1+ 29. Rxg1 Qf3+ 30. Qg2 Qxg2+ 31. Kxg2 Re8 32. Kf3 Kf7 33. c3 Re6 34. d4 cxd4 35. cxd4 Rb6 36. b3 Rf6+ 37. Ke4 Rf2 38. Ke5 Rxa2 39. Kd6 Ke8 40. Rxg6 0-1

[Event "Florianopolis op 6th"]
[Site "Florianopolis"]
[Date "2020.01.21"]
[Round "3"]
[White "Machado, Alessandro Mathias"]
[Black "Cardoso, Cicero Assuncao Jr"]
[Result "1-0"]
[WhiteElo "1535"]
[BlackElo "1920"]
[PlyCount "37"]
[EventDate "2020.01.20"]
[EventType "swiss"]
[EventRounds "10"]
[EventCountry "BRA"]
[SourceTitle "CBM 194 Extra"]
[Source "ChessBase"]
[SourceDate "2020.03.31"]
[SourceVersion "1"]
[SourceVersionDate "2020.03.31"]
[SourceQuality "1"]

1. e4 c5 2. Nf3 g6 3. d4 cxd4 4. Nxd4 Bg7 5. Be3 Nc6 6. Nc3 Qb6 7. Nb3 Qd8 8. Nd4 d6 9. f3 Nf6 10. Qd2 0-0 11. 0-0-0 Nxd4 12. Bxd4 a6 13. g4 b5 14. h4 Bb7 15. h5 Qa5 16. Kb1 b4 17. Ne2 g5 18. h6 Bh8 19. Qxg5+ 1-0